A Teatro descubierto / (Record no. 137363)

MARC details
000 -CABECERA
campo de control de longitud fija 03032nam a22003974i 4500
001 - NÚMERO DE CONTROL
campo de control 991061739675006706
003 - IDENTIFICADOR DEL NÚMERO DE CONTROL
campo de control ES-BaIT
005 - FECHA Y HORA DE LA ÚLTIMA TRANSACCIÓN
campo de control 20260413120531.0
008 - DATOS DE LONGITUD FIJA--INFORMACIÓN GENERAL
campo de control de longitud fija 260331s201910 sp a 001 daspa c
017 ## - NÚMERO DE COPYRIGHT O DE DEPÓSITO LEGAL
Número de copyright o de depósito legal DL M 30656-2019
Agencia que asigna Oficina DL Madrid
020 ## - NÚMERO INTERNACIONAL ESTÁNDAR DEL LIBRO
Número Internacional Estándar del Libro 9788478398058
040 ## - FUENTE DE LA CATALOGACIÓN
Centro catalogador/agencia de origen ES-BaIT
Lengua de catalogación cat
Normas de descripción rda
Centro/agencia transcriptor ES-BaIT
080 ## - NÚMERO DE LA CLASIFICACIÓN DECIMAL UNIVERSAL
Número de la Clasificación Decimal Universal 860-2"19"
100 1# - ENTRADA PRINCIPAL--NOMBRE DE PERSONA
Nombre de persona Durán, Victorina,
Fechas asociadas al nombre 1899-1993
Término indicativo de función/relación autor
9 (RLIN) 162937
245 10 - MENCIÓN DE TÍTULO
Título A Teatro descubierto /
Mención de responsabilidad, etc. Victorina Durán ; edición de Eva Moreno
264 #1 - PRODUCCIÓN, PUBLICACIÓN, DISTRIBUCIÓN, FABRICACIÓN Y COPYRIGHT
Producción, publicación, distribución, fabricación y copyright Madrid :
Nombre del de productor, editor, distribuidor, fabricante Ediciones Torremozas,
Fecha de producción, publicación, distribución, fabricación o copyright octubre 2019
300 ## - DESCRIPCIÓN FÍSICA
Extensión 336 pàgines :
Otras características físicas il·lustracions (algunes en color) ;
Dimensiones 21 cm
336 ## - TIPO DE CONTENIDO
Término de tipo de contenido text
Código de tipo de contenido txt
Fuente rdacontent
337 ## - TIPO DE MEDIO
Nombre/término del tipo de medio sense mediació
Código del tipo de medio n
Fuente rdamedia
338 ## - TIPO DE SOPORTE
Nombre/término del tipo de soporte volum
Código del tipo de soporte nc
Fuente rdacarrier
490 1# - MENCIÓN DE SERIE
Mención de serie Ingrávida. Teatro
505 8# - NOTA DE CONTENIDO CON FORMATO
Nota de contenido con formato Conté: Al margen ; Era solo Mío ; ¡Raptada! ; Una novela rosa ; Una aventura extraordinaria ; 0013 detective madrileña ; La pitonisa
520 ## - SUMARIO, ETC.
Sumario, etc. "Victorina Durán (Madrid, 1899–1993) es una artista polifacética: escenógrafa, figurinista, directora, docente, periodista, pintora, conferenciante, escritora y dramaturga. Su vida es un testimonio del avance de la mujer a principios del siglo XX. Victorina reúne todas las características para pertenecer al grupo intelectual de las mujeres de la Edad de Plata, pero en ningún estudio aparece su nombre. La aportación que Durán realizó a la renovación del teatro español, diseñando escenografías y figurines con las mejores compañías madrileñas, la convierten en una pieza clave dentro de la historia teatral española. Continuó con su prolífica producción artística durante su exilio en Buenos Aires y a su regreso a España en 1963.A teatro descubierto presenta la primera antología teatral de la artista, inédita hasta ahora. Se trata de siete obras escritas entre 1937 y 1965 aproximadamente, entre la que destaca Al Margen, de temática lésbica. Se incluyen ilustraciones de la propia autora, un anexo fotográfico y una introducción crítica de Eva Moreno. Sacar a la luz estos inéditos supone revalorizar esta figura fundamental de la Edad de Plata y del exilio republicano." -- Contracoberta
700 1# - ENTRADA AGREGADA--NOMBRE PERSONAL
Nombre de persona Moreno Lago, Eva
Término indicativo de función/relación editor literari
9 (RLIN) 162941
700 12 - ENTRADA AGREGADA--NOMBRE PERSONAL
Información de relación/Frase instructiva de referencia Contenidor de (obra):
Nombre de persona Durán, Victorina,
Fechas asociadas al nombre 1899-1993.
Título de la obra Al margen
9 (RLIN) 169241
700 12 - ENTRADA AGREGADA--NOMBRE PERSONAL
Información de relación/Frase instructiva de referencia Contenidor de (obra):
Nombre de persona Durán, Victorina,
Fechas asociadas al nombre 1899-1993.
Título de la obra Era solo Mío
9 (RLIN) 169242
700 12 - ENTRADA AGREGADA--NOMBRE PERSONAL
Información de relación/Frase instructiva de referencia Contenidor de (obra):
Nombre de persona Durán, Victorina,
Fechas asociadas al nombre 1899-1993.
Título de la obra ¡Raptada!
9 (RLIN) 169243
700 12 - ENTRADA AGREGADA--NOMBRE PERSONAL
Información de relación/Frase instructiva de referencia Contenidor de (obra):
Nombre de persona Durán, Victorina,
Fechas asociadas al nombre 1899-1993.
Título de la obra Novela rosa
9 (RLIN) 169244
700 12 - ENTRADA AGREGADA--NOMBRE PERSONAL
Información de relación/Frase instructiva de referencia Contenidor de (obra):
Nombre de persona Durán, Victorina,
Fechas asociadas al nombre 1899-1993.
Título de la obra Aventura extraordinaria
9 (RLIN) 169245
700 12 - ENTRADA AGREGADA--NOMBRE PERSONAL
Información de relación/Frase instructiva de referencia Contenidor de (obra):
Nombre de persona Durán, Victorina,
Fechas asociadas al nombre 1899-1993.
Título de la obra 0013 detective madrileña
9 (RLIN) 169246
700 12 - ENTRADA AGREGADA--NOMBRE PERSONAL
Información de relación/Frase instructiva de referencia Contenidor de (obra):
Nombre de persona Durán, Victorina,
Fechas asociadas al nombre 1899-1993.
Título de la obra Pitonisa
9 (RLIN) 169247
830 ## - PUNTO DE ACCESO ADICIONAL DE SERIE-TÍTULO UNIFORME
Título uniforme Ingrávida (Ediciones Torremozas).
Nombre de parte o sección de la obra Teatro
9 (RLIN) 169248
908 ## - COLOCAR PARÁMETRO DE COMANDO (RLIN)
Colocar parámetro de comando CDMAE
940 ## - EQUIVALENCIA O REFERENCIA-CRUZADA--TÍTULO UNIFORME [OBSOLETO] [solamente CAN/MARC]
Título uniforme <a href="CVA2">CVA2</a>
942 ## - ELEMENTOS DE ENTRADA AGREGADA (KOHA)
Fuente del sistema de clasificación o colocación Clasificación decimal universal
Tipo de ítem Koha Llibre
Holdings
Estado de retiro Estado de pérdida Fuente del sistema de clasificación o colocación Estado dañado No para préstamo Localización permanente Ubicación/localización actual Ubicación en estantería Fecha de adquisición Fuente de adquisición Total de préstamos Signatura topográfica completa Código de barras Fecha visto por última vez Precio válido a partir de Tipo de ítem Koha
    Clasificación decimal universal   Novetat Biblioteca Barcelona Biblioteca Barcelona BCN Lliure Accés 13/04/2026 Compra   860 DUR a 1900090016 13/04/2026 13/04/2026 Llibre

Powered by Koha